Stratégiák és trendek az események sikeres lebonyolításához
| Szerző: | |
|---|---|
| További közreműködők: | |
| Dokumentumtípus: | Projektmunka |
| Kulcsszavak: | fenntarthatóság növekedési stratégiák rendezvény(ek) ügyfélkapcsolat vállalkozás(ok) működése |
| Online Access: | http://dolgozattar.uni-bge.hu/59892 |
MARC
| LEADER | 00000nnm a2200000 i 4500 | ||
|---|---|---|---|
| 001 | dolg59892 | ||
| 005 | 20260409145716.0 | ||
| 008 | 260409suuuu hu o 000 hun d | ||
| 040 | |a BGE Dolgozattár Repozitórium |b hun | ||
| 041 | |a hu | ||
| 100 | 1 | |a Mester Alexandra Izabella | |
| 245 | 1 | 0 | |a Stratégiák és trendek az események sikeres lebonyolításához |c Mester Alexandra Izabella |h [elektronikus dokumentum] |
| 516 | |a Project_work | ||
| 520 | 3 | |a A dolgozat átfogó képet nyújt a modern rendezvényszervezés elméleti és gyakorlati aspektusairól, különös tekintettel a magyar piacra és az Art Group Marketing Kft.-nél szerzett tapasztalatokra. Bemutatja, hogyan vált a rendezvényszervezés komplex, stratégiai jelentőségű eszközzé, amelyben az élményszerűség, az interakció, a technológiai innováció és a fenntarthatóság meghatározó szerepet kap. A munka hangsúlyozza, hogy a jövő sikeres eseményei azok lesznek, amelyek hitelesen és értékalapúan reagálnak a változó ügyféligényekre. | |
| 695 | |a fenntarthatóság | ||
| 695 | |a növekedési stratégiák | ||
| 695 | |a rendezvény(ek) | ||
| 695 | |a ügyfélkapcsolat | ||
| 695 | |a vállalkozás(ok) működése | ||
| 700 | 1 | |a Szeidl Dr. Klaudia |e ths | |
| 856 | 4 | 0 | |u http://dolgozattar.uni-bge.hu/59892/1/Mester_Alexandra_Projektmunka.pdf |z Dokumentum-elérés |
| 856 | 4 | 0 | |u http://dolgozattar.uni-bge.hu/59892/2/Mester%20Alexandra%20Izabella_biralat_szeidl_klaudia.pdf |z Dokumentum-elérés |